| 000 | 00000cam 2200000zi 4500 |
| 001 | 9.958079 |
| 003 | CaOODSP |
| 005 | 20260223151536 |
| 006 | m o d f |
| 007 | cr cn |||||||| |
| 008 | 251209t20262026onc o f000 0 fre d |
| 020 | |a9780660976327 |
| 040 | |aCaOODSP|bfre|erda|cCaOODSP |
| 043 | |an-cn--- |
| 086 | 1 |aRv4-218/2026F-PDF |
| 245 | 00|aVérification interne – système de gestion de la fraude d'entreprise : |brapport final / |cDirection générale de la vérification, de l’évaluation et des risques. |
| 264 | 1|a[Ottawa] : |bAgence du revenue du Canada = Canada Revenue Agency, |c[2026] |
| 264 | 4|c©2026 |
| 300 | |a1 ressource en ligne (19 pages) |
| 336 | |atexte|btxt|2rdacontent/fre |
| 337 | |ainformatique|bc|2rdamedia/fre |
| 338 | |aressource en ligne|bcr|2rdacarrier/fre |
| 500 | |aPublié aussi en anglais sous le titre : Internal audit – enterprise fraud management system: final report. |
| 500 | |aRemplacé par la version révisée fournie par l'éditeur (2026/02/23). |
| 520 | |a« L’objectif de la vérification interne consistait à fournir au commissaire, à la direction de l’ARC et au Conseil de direction (Conseil) l’assurance que le SGFE fonctionne comme prévu en consignant, en gérant, en surveillant et en signalant les activités des utilisateurs conformément aux instruments de politique de l’ARC. Dans l’ensemble, la vérification interne a permis de conclure que le SGFE fonctionne comme prévu. La vérification interne a également permis de cerner certains aspects qui pourraient être améliorés afin que le SGFE soit en mesure de mieux répondre aux besoins de l’ARC »--Résumé exécutif, page 3. |
| 610 | 26|aAgence du revenu du Canada|xAudit. |
| 650 | 6|aFraude|zCanada|xPrévention|xAudit. |
| 710 | 2 |aAgence du revenu du Canada. |bDirection générale de la vérification, de l'évaluation et des risques, |eorganisme de publication. |
| 775 | 08|tInternal audit – enterprise fraud management system : |w(CaOODSP)9.958080 |
| 856 | 40|qPDF|s406 Ko|uhttps://publications.gc.ca/collections/collection_2026/arc-cra/Rv4-218-2026-fra.pdf |
| 856 | 4 |qHTML|sS.O.|uhttps://www.canada.ca/fr/agence-revenu/programmes/a-propos-agence-revenu-canada-arc/verification-interne-evaluation-programmes/rapports-verification-interne-evaluation-programmes-2026/verification-interne-systeme-gestion-fraude-entreprise.html |